Романовы на изломе российской истории (Запись № 10341106)

Подробности
000 -МАРКЕР
контрольное поле 01964nam0a2200349 i 4500
001 - ИДЕНТИФИКАТОР ЗАПИСИ
контрольное поле RU\NLR\BIBL_A\010844072
005 - ИДЕНТИФИКАТОР ВЕРСИИ
контрольное поле 20260409072159.0
010 ## - МЕЖДУНАРОДНЫЙ СТАНДАРТНЫЙ НОМЕР КНИГИ (ISBN)
Номер (ISBN) 9785805708610
Тираж 500
021 ## - НОМЕР ГОСУДАРСТВЕННОЙ РЕГИСТРАЦИИ
Код страны Российская Федерация
Номер 2015-60493
Номер Листа государственной регистраци 3587
035 ## - ДРУГИЕ СИСТЕМНЫЕ НОМЕРА
Идентификатор записи (NILC)RuMoRGB-007994555
035 ## - ДРУГИЕ СИСТЕМНЫЕ НОМЕРА
Идентификатор записи (NLR Aleph) 010844072
100 ## - ДАННЫЕ ОБЩЕЙ ОБРАБОТКИ
Данные общей обработки 20150917d2013 um y0rusy50 ca
101 0# - ЯЗЫК РЕСУРСА
Язык текста, звукозаписи и т.д. русский
102 ## - СТРАНА ПУБЛИКАЦИИ ИЛИ ПРОИЗВОДСТВА
Страна публикации Российская Федерация
105 ## - ПОЛЕ КОДИРОВАННЫХ ДАННЫХ: ТЕКСТОВЫЕ МАТЕРИАЛЫ, МОНОГРАФИЧЕСКИЕ
Кодированные данные о монографическом текстовом документе ach|z||||01yd
200 1# - ЗАГЛАВИЕ И СВЕДЕНИЯ ОБ ОТВЕТСТВЕННОСТИ
Основное заглавие Романовы на изломе российской истории
Сведения, относящиеся к заглавию каталог российского выставочного проекта, 12 июля - 6 октября 2013 года
Первые сведения об ответственности [вступ. слово: Евгений Куйвашев и др.
Последующие сведения об ответственности авт. ст.: С. А. Корепанова и др.]
210 ## - ПУБЛИКАЦИЯ, РАСПРОСТРАНЕНИЕ И ДР.
Место издания, распространения и т.д. Екатеринбург
Имя издателя, распространителя и т. д. Свердловский областнорй краеведческий музей
Дата издания, распространения и т.д. 2013
215 ## - ФИЗИЧЕСКАЯ ХАРАКТЕРИСТИКА
Специфическое обозначение материала и объем 239 с.
Другие сведения о физической характеристике ил., цв. ил., портр., факс.
Размеры 28
300 ## - ОБЩИЕ ПРИМЕЧАНИЯ
Текст примечания В надзаг.: Губернатор Свердл. обл., М-во культуры Свердл. обл., Свердл. обл. краевед. музей
320 ## - ПРИМЕЧАНИЯ О НАЛИЧИИ В ДОКУМЕНТЕ БИБЛИОГРАФИИ / УКАЗАТЕЛЯ
Текст примечания Библиогр. в подстроч. примеч.
602 ## - РОДОВОЕ ИМЯ КАК ПРЕДМЕТ
Начальный элемент ввода Романовы
Тип рода династия
Даты 1613 - 1917
-- 1521176
Идентификатор авторитетной/нормативной записи RU\NLR\AUTH\66963051
686 1# - ИНДЕКСЫ ДРУГИХ КЛАССИФИКАЦИЙ
Индекс Т214(2)0-1
711 12 - НАИМЕНОВАНИЕ ОРГАНИЗАЦИИ - АЛЬТЕРНАТИВНАЯ ОТВЕТСТВЕННОСТЬ
Начальный элемент ввода "Романовы. На изломе российской истории", выставка
Место проведения временной организации Екатеринбург
Дата проведения временной организации 2013
Системный номер авторитетной/нормативной записи 484094
Идентификатор авторитетной/нормативной записи RU\NLR\AUTH\880409064
712 02 - НАИМЕНОВАНИЕ ОРГАНИЗАЦИИ - ВТОРИЧНАЯ ОТВЕТСТВЕННОСТЬ
Начальный элемент ввода Свердловский областной краеведческий музей
Идентифицирующий признак Екатеринбург
Системный номер авторитетной/нормативной записи 517293
Идентификатор авторитетной/нормативной записи RU\NLR\AUTH\8810009771
722 ## - РОДОВОЕ ИМЯ - ВТОРИЧНАЯ ОТВЕТСТВЕННОСТЬ
Графика поля Кириллица
Материалы, к которым относится поле rus
Начальный элемент ввода Романовы (династия)
Даты 1613-1917
Системный номер авторитетной/нормативной записи 115406
Идентификатор авторитетной/нормативной записи RU\NLR\AUTH\775442
801 #0 - ИСТОЧНИК ЗАПИСИ
Страна Российская Федерация
Организация РГБ
Дата составления 20150811
Правила каталогизации RCR
942 ## - ДОПОЛНИТЕЛЬНЫЕ ЭЛЕМЕНТЫ ЗАПИСИ (АБИС)
Тип экземпляра АБИС Книга
980 ## - КОЛЛЕКЦИЯ
Название коллекции НБР

Нет доступных экземпляров.